000 02355nam a2200337Ia 4500
999 _c37637
_d37637
001 3609
003 GE_BSU
005 20190624145617.0
008 181216s2010||||ge |||||||||||||| ||geo||
020 _a9789941128424
040 _cGE_BSU
041 _ageo
080 _a333.48 ტ-92
245 _aტურიზმი: ეკონომიკა და ბიზნესი :
_bI საერთაშორისო სამეცნიერო-პრაქტიკული კონფერენცია, 5-6 ივნისი, ბათუმი-ტრაპიზონი, 2010 : შოთა რუსთაველის სახელმწ. უნ-ტი 75 წლისაა /
_cშოთა რუსთაველის სახელმწ. უნ-ტის სოც. მეცნ., ბიზნ. და სამართალმც. ფაკ-ტი, ბიზნესის სკოლა, აჭარის არ ტურიზმისა და კურორტების დეპარტამენტი, შავი ზღვის ტექნ. უნ-ტი.
264 _aთბილისი :
_bუნივერსალი,
_c2010.
300 _a759 გვ. ;
_b29 სმ.
653 _aეკონომიკა და ბიზნესი
653 _aტურიზმი
653 _aსამეცნიერო კონფერენცია
700 _a აბესაძე, ნინო
_92811
700 _aბარკალაია, ბესიკ
_92812
700 _aმეტრეველი, შორენა
_92813
700 _aჩიხლაძე, ნიკო
_92814
700 _aღავთაძე, გიორგი
_9846
700 _aერქომაიშვილი, გულნაზ და სხვ.
_92815
710 _aშოთა რუსთაველის სახელმწ. უნ-ტის სოც. მეცნ., ბიზნ. და სამართალმც. ფაკ-ტი
_92816
710 _aბიზნესის სკოლა
_92363
710 _aაჭარის არ ტურიზმისა და კურორტების დეპარტამენტი
_91536
710 _aშავი ზღვის ტექნ. უნ-ტი
_92817
942 _cBK
_2udc